000 01028cam a2200277 4500
008 000000n2002 000 0 eng u
020 _a0632058528
035 _a(Sirsi) u109840
041 _aeng.
050 _a690
100 _aMorton, R.
245 _aConstruction UK : introduction to the industry
260 _aOxford
_bBlackwell Science
_c2002
300 _a232p.
_c24cm.
350 _a14.99
520 _aGives an overview of the nature and history of the construction industry. Outlines some of its key features - its structure, markets, people and modes of operation. Also introduces readers to some of the controversial issues of today's industry such as sustainability, safety, efficiency, employment practices and procurement.
650 _aCONSTRUCTION INDUSTRY
650 _aHISTORY
650 _aEnvironment
_96238
650 _aCONSTRUCTION PROFESSIONS
650 _aINDUSTRIAL RELATIONS
650 _aCONTRACTING
650 _aProcurement-old
690 _aBUILT ENVIRONMENT
942 _n0
999 _c101006
_d101006